Creative web design (Record no. 41673)

MARC details
000 -LEADER
fixed length control field 00266nam a2200109Ia 4500
082 ## - DEWEY DECIMAL CLASSIFICATION NUMBER
Classification number 681.31WWW
Item number BAU
100 ## - MAIN ENTRY--AUTHOR NAME
Personal name Baumgardt
245 #0 - TITLE STATEMENT
Title Creative web design
260 ## - PUBLICATION, DISTRIBUTION, ETC. (IMPRINT)
Place of publication Berlin
Name of publisher Springer-Verlag
Year of publication 1998
942 ## - ADDED ENTRY ELEMENTS (KOHA)
Koha item type Books
Holdings
Withdrawn status Lost status Damaged status Not for loan Home library Current library Date acquired Cost, normal purchase price Full call number Accession Number Koha item type
        RRII Library RRII Library 16/12/2021 69.00 681.31WWW BAU 21959 Books